000 00555nam a2200181Ia 4500
008 151018s9999 xx 000 0 und d
082 _bRBASDV32149
_a891.463
100 _aपद्मा कुलकर्णी
245 _aकिथी
250 _b1
260 _b"प्राजक्त प्रकाशन, पुणे "
_c2000
300 _a136
600 _aपद्मा कुलकर्णी
630 _aकिथी
700 _aपद्मा कुलकर्णी
730 _aकिथी
942 _cBOOK
999 _c1031675
_d1031672